Statistics for WWII Movies

Click here to take the quiz!

General Stats

  • This quiz has been taken 18,198 times
    (8,159 since last reset)
  • The average score is 10 of 19

Answer Stats

Description Movie % Correct
American soldiers must save a man whose three brothers have all been killedSaving Private Ryan
94%
Rugged archaeologist battles Nazis to find the secret to immortalityIndiana Jones and the
Last Crusade
86%
German industrialist saves Jews by giving them jobs in his weapons factorySchindler's List
84%
Cynical American owns a jazzy bar in MoroccoCasablanca
73%
Scientist turns a regular guy into a super soldier, equipped with an indestructible shieldCaptain America:
The First Avenger
71%
British soldiers evacuate from northern France with the help of private citizensDunkirk
68%
Jewish-American soldiers carve swastikas into Nazi foreheadsInglourious Basterds
64%
British POWs show the Japanese the proper way to build a bridgeThe Bridge on the
River Kwai
57%
German officer tries to assassinate Hitler with a briefcase bombValkyrie
45%
Nazis put every POW escape artist into a single camp - with predictable resultsThe Great Escape
45%
Art experts rescue priceless artworks stolen by the NazisThe Monuments Men
43%
Father convinces his son that the concentration camp is just a gameLife is Beautiful
39%
Sailors aboard German submarine U-96 do not fare wellDas Boot
37%
In Okinawa, a pacifist soldier wins the Medal of Honor without firing a single shotHacksaw Ridge
35%
Horribly burned soldier in Tuscany tells a story about leaving his true love in a caveThe English Patient
34%
Russian sniper battles a German sniper in StalingradEnemy at the Gates
33%
Twelve felons are freed from jail for a dangerous mission behind enemy linesThe Dirty Dozen
30%
Plucky commandos climb an unclimbable cliff to silence German guns on a Greek isleThe Guns of Navarone
22%
Some enchanted evening, an American nurse and a French
expatriate become musically smitten
South Pacific
14%

Score Distribution

Percentile by Number Answered

Percent of People with Each Score

Your Score History

You have not taken this quiz since the last reset